Beşiktaş JK – Mehr Adler als Titel? 🦅 - Statistiken

Allgemein
  • Dieses Quiz wurde 46 mal gespielt
  • Das Durchschnittsergebnis liegt bei 6 aus 15
Antwortstatistiken
Hint Antwort % Korrekt
Wie viele Champions-League-Titel hat Beşiktaş? 0
100%
Was war das letzte internationale Finale mit Beşiktaş-Beteiligung? keins
100%
Wie oft wurde Beşiktaş in den letzten 20 Jahren Meister? 3
64%
Wie viele Male hat Beşiktaş das türkische Double (Meister + Pokal) geholt? 4
61%
Und welcher noch? Fenerbahçe
52%
Welcher große türkische Klub hat mehr Süper Lig Titel als Beşiktaş? Galatasaray
52%
Welches Jahr gilt für Beşiktaş-Fans als "wahrer Gründungszeitpunkt"? 1903
45%
Wie nennt man den Ultra-Block von Beşiktaş? Çarşı
30%
Wie heißt der letzte Trainer, der mit Beşiktaş Meister wurde? Şenol Güneş
27%
Gegen welches Team gab’s 2018 in der CL ein 1:5 im eigenen Stadion? Bayern München
24%
In welchem Stadion spielt Beşiktaş aktuell? Vodafone Park
18%
Wie nennt man das Maskottchen von Beşiktaş? Kara Kartal (schwarzer Adler)
15%
Welcher berühmte Spieler verließ Beşiktaş nach einem halben Jahr genervt? Ricardo Quaresma
9%
Was ist Çarşıs bekanntester Slogan (ironisch gemeint)? Çarşı her şeye karşı (Çarşı ist gegen alles)
0%
Was bedeutet „Come to Beşiktaş“ international gesehen wirklich? Transfergerücht ohne Happy End
0%
Keine übereinstimmenden Quizze gefunden
Verteilung der Resultate
Anzahl Personen mit jedem Resultat
Perzentil nach korrekt beantworteten Fragen
Ihre Resultats-Entwicklung
Sie haben dieses Quiz noch nicht gespielt